Derecho Procesal Penal chileno Principios, sujetos procesales, medidas cautelares, etapa de investigacin̤ Parte I

Detalles Bibliográficos
Autor principal: Horvitz Lennon, Mara̕ Inš
Otros Autores: Lp̤ez Masle, Juliǹ
Formato: Desconocido
Lenguaje:español
Publicado: Santiago : Editorial Jurd̕ica de Chile, 2008
Materias:
Acceso en línea:Acceso restringido

MARC

LEADER 00000ny a22000003n 4500
005 2011062104544.0
008 020920m20022004cl b 000 0 spa
010 |a 2002488343 
020 |a 9789687884943 
035 |a 3285 
040 |a DLC  |c DLC  |d vLex 
050 0 0 |a KHF5819  |b .H67 2002 
050 0 0 |a KHF5819  |b .H67 2002 
082 0 0 |a 345.83/05  |2 21 
090 |c 37  |d 37 
100 1 |a Horvitz Lennon, Mara̕ Inš 
245 1 0 |a Derecho Procesal Penal chileno  |h [Recurso electrn̤ico]  |c Mara̕ Inš Horvitz Lennon, Juliǹ Lp̤ez Masle  |b Principios, sujetos procesales, medidas cautelares, etapa de investigacin̤  |p Parte I 
256 |a Servicio en ln̕ea 
260 |a Santiago :  |b Editorial Jurd̕ica de Chile,  |c 2008 
300 |a 2 v. ;  |c cm 
504 |a Includes bibliographical references 
505 |a V.1. Principios, sujetos procesales, medidas cautelares, etapa de investigaci ̤-- V.2. Preparacin̤ del juicio, procedimientos especiales, ejecucin̤ de sentencias, accin̤ civil 
506 1 |a Contenido solo disponible en los productos indicados  |d vLex Global  |d vLex Global (Academic Edition, excluding Law Schools)  |d vLex Global (U.S. Academic Edition, Law Schools)  |d vLex Global (U.S. Academic Edition, excluding Law Schools)  |d vLex Global (Academic Edition, Law Schools) 
650 0 4 |a Procedimiento penal  |z Chile 
700 1 |a Lp̤ez Masle, Juliǹ 
740 0 |a vLex Libros (Servicios en ln̕ea) 
856 4 0 |u http://vlex.com/source/3285  |z Acceso restringido 
942 |c BOOK 
999 0 |a Criminal procedure  |z Chile.